[Event "Yangon Campomanes Memorial"]
[Site "Yangon"]
[Date "2011.09.29"]
[Round "13"]
[White "Mynn, Htoo"]
[Black "Htun, Lynn Kyaw"]
[Result "1-0"]
[WhiteElo "2327"]
[BlackElo "2321"]
[PlyCount "91"]
[EventDate "2011.09.22"]
[EventType "tourn"]
[EventRounds "13"]
[EventCountry "MYA"]
[EventCategory "5"]
[SourceTitle "EXT 2012"]
[Source "ChessBase"]
[SourceDate "2011.11.24"]
[SourceVersion "1"]
[SourceVersionDate "2011.11.24"]
[SourceQuality "1"]

1. d4 d5 2. Nf3 c6 3. c3 Bf5 4. Bf4 Nd7 5. Nbd2 Ngf6 6. Nh4 Bg6 7. h3 e6 8. Nxg6 hxg6 9. Qc2 Be7 10. e3 0-0 11. Be2 Re8 12. 0-0 Rc8 13. Rad1 Bf8 14. Rfe1 a6 15. e4 dxe4 16. Nxe4 Nxe4 17. Qxe4 Nf6 18. Qc2 Qa5 19. Qb3 Re7 20. Bf3 Rd7 21. Be5 Be7 22. Bxf6 Bxf6 23. Rxe6 Rcd8 24. Ree1 Qc7 25. Rb1 Re7 26. Rxe7 Qxe7 27. Qc4 Re8 28. b4 Qe6 29. Qxe6 Rxe6 30. a4 Rd6 31. b5 axb5 32. axb5 cxb5 33. Rxb5 b6 34. Bd5 Kf8 35. Kf1 Bd8 36. Ke2 Rd7 37. Kd3 Ra7 38. Bc4 Rd7 39. Rb2 Ra7 40. Re2 Ra5 41. Rb2 Ra3 42. Bb5 Ra5 43. Kc4 Ke7 44. Kd5 Ra8 45. Re2+ Kf6 46. Re8 1-0

[Event "Yangon Campomanes Memorial"]
[Site "Yangon"]
[Date "2011.09.28"]
[Round "12"]
[White "Myo, Naing"]
[Black "Htun, Lynn Kyaw"]
[Result "1/2-1/2"]
[WhiteElo "2317"]
[BlackElo "2321"]
[PlyCount "45"]
[EventDate "2011.09.22"]
[EventType "tourn"]
[EventRounds "13"]
[EventCountry "MYA"]
[EventCategory "5"]
[SourceTitle "EXT 2012"]
[Source "ChessBase"]
[SourceDate "2011.11.24"]
[SourceVersion "1"]
[SourceVersionDate "2011.11.24"]
[SourceQuality "1"]

1. e4 c6 2. d4 d5 3. exd5 cxd5 4. c4 Nf6 5. Nc3 e6 6. Nf3 Be7 7. c5 0-0 8. Bg5 Nc6 9. Bb5 Ne4 10. Bxe7 Qxe7 11. 0-0 Nxc3 12. bxc3 Bd7 13. Re1 b6 14. Bxc6 Bxc6 15. Ne5 Qc7 16. cxb6 axb6 17. Qb3 Ba4 18. Qb2 Rfe8 19. Rac1 f6 20. Nd3 Bd7 21. Rb1 Reb8 22. Re3 Qd6 23. g3 1/2-1/2

[Event "Yangon Campomanes Memorial"]
[Site "Yangon"]
[Date "2011.09.26"]
[Round "9"]
[White "Htun, Lynn Kyaw"]
[Black "Wynn, Zaw Htung"]
[Result "0-1"]
[WhiteElo "2321"]
[BlackElo "2374"]
[PlyCount "64"]
[EventDate "2011.09.22"]
[EventType "tourn"]
[EventRounds "13"]
[EventCountry "MYA"]
[EventCategory "5"]
[SourceTitle "EXT 2012"]
[Source "ChessBase"]
[SourceDate "2011.11.24"]
[SourceVersion "1"]
[SourceVersionDate "2011.11.24"]
[SourceQuality "1"]

1. e4 c5 2. Nf3 d6 3. d4 cxd4 4. Nxd4 Nf6 5. Nc3 a6 6. Bc4 e6 7. Bb3 b5 8. 0-0 Be7 9. a3 0-0 10. Be3 Qc7 11. f4 Bb7 12. Qf3 Nbd7 13. Rae1 Nc5 14. Bf2 Nxb3 15. Nxb3 Rac8 16. Kh1 Rfd8 17. Nd4 Qc4 18. Qd3 Qc7 19. Qf3 Qb8 20. h3 Qa8 21. Re3 Rc4 22. Rd1 Rdc8 23. Qe2 Bd8 24. Qd3 Bb6 25. Re2 Rxc3 26. bxc3 Bxe4 27. Qg3 Nh5 28. Qg4 g6 29. Be1 Bd8 30. Re3 f5 31. Qe2 Nxf4 32. Qf2 e5 0-1

[Event "Olympiad-34"]
[Site "Istanbul"]
[Date "2000.11.08"]
[Round "11.3"]
[White "Htun, Lynn Kyaw"]
[Black "Green, Peter"]
[Result "1/2-1/2"]
[WhiteElo "2427"]
[BlackElo "2239"]
[PlyCount "122"]
[EventDate "2000.10.28"]
[EventType "team-swiss"]
[EventRounds "14"]
[EventCountry "TUR"]
[SourceTitle "EXT 2001"]
[Source "ChessBase"]
[SourceDate "2000.11.22"]
[SourceVersion "1"]
[SourceVersionDate "2000.11.22"]
[SourceQuality "1"]
[WhiteTeam "Myanmar"]
[BlackTeam "New Zealand"]
[WhiteTeamCountry "MYA"]
[BlackTeamCountry "NZL"]

1. e4 e5 2. Nf3 Nc6 3. d4 exd4 4. Nxd4 Nf6 5. Nc3 Bb4 6. Nxc6 bxc6 7. Bd3 d5 8. exd5 cxd5 9. 0-0 0-0 10. Bg5 c6 11. Qf3 Be7 12. Rfe1 Be6 13. Bf5 Bxf5 14. Qxf5 Bb4 15. Bxf6 Qxf6 16. Qxf6 gxf6 17. Re3 Rfe8 18. Rae1 Kf8 19. Rxe8+ Rxe8 20. Rxe8+ Kxe8 21. Nd1 Kd7 22. Kf1 Ke6 23. Ke2 Bd6 24. h3 Be5 25. Kd3 Bc7 26. c4 Bb6 27. b4 dxc4+ 28. Kxc4 Ke5 29. a4 a6 30. Nb2 Ke4 31. Nd3 a5 32. bxa5 Bxa5 33. Nc5+ Kf5 34. Nb3 Bb6 35. a5 Bxf2 36. a6 Bb6 37. Nd4+ Kf4 38. Nxc6 Kg3 39. Kb5 Bg1 40. Nb4 Kxg2 41. Nd5 Ba7 42. Ne7 Kxh3 43. Kc6 f5 44. Kb7 Bg1 45. Nd5 Bd4 46. Nb6 f4 47. a7 f3 48. a8Q f2 49. Qa6 Kg2 50. Qe2 Kg1 51. Qg4+ Kh2 52. Qf3 Kg1 53. Qg3+ Kh1 54. Qd3 Kg2 55. Qe4+ Kh2 56. Qf5 Kg1 57. Qg5+ Kh2 58. Qf4+ Kg2 59. Qe4+ Kh2 60. Qb1 Kg2 61. Qc2 Kg1 1/2-1/2

[Event "Olympiad-34"]
[Site "Istanbul"]
[Date "2000.11.02"]
[Round "6.3"]
[White "Htun, Lynn Kyaw"]
[Black "Miniboeck, Guenter"]
[Result "1/2-1/2"]
[WhiteElo "2427"]
[BlackElo "2413"]
[PlyCount "80"]
[EventDate "2000.10.28"]
[EventType "team-swiss"]
[EventRounds "14"]
[EventCountry "TUR"]
[SourceTitle "EXT 2001"]
[Source "ChessBase"]
[SourceDate "2000.11.22"]
[SourceVersion "1"]
[SourceVersionDate "2000.11.22"]
[SourceQuality "1"]
[WhiteTeam "Myanmar"]
[BlackTeam "Austria"]
[WhiteTeamCountry "MYA"]
[BlackTeamCountry "AUT"]

1. e4 c5 2. Nf3 d6 3. d4 cxd4 4. Nxd4 Nf6 5. Nc3 a6 6. Bg5 e6 7. f4 Nbd7 8. Qf3 Qc7 9. 0-0-0 b5 10. Bd3 Bb7 11. Rhe1 Be7 12. Qh3 0-0-0 13. Kb1 Kb8 14. e5 b4 15. exf6 gxf6 16. Ncb5 axb5 17. Bh4 Nc5 18. Bxb5 Rc8 19. Bd3 Bd5 20. Nb3 Nxb3 21. axb3 Qa5 22. Qe3 Kb7 23. Bf2 Rc6 24. Kc1 Bxb3 25. Be4 d5 26. Qxb3 dxe4 27. Rd7+ Rc7 28. Rxc7+ Kxc7 29. Rxe4 Rd8 30. Rd4 Rxd4 31. Bxd4 Qa1+ 32. Kd2 Qf1 33. Qg3 Bd6 34. Be3 Kd7 35. Qg4 Qc4 36. Qh5 Ke7 37. Qxh7 Qd5+ 38. Qd3 Qxg2+ 39. Qe2 Qd5+ 40. Qd3 Qg2+ 1/2-1/2

[Event "Olympiad-34"]
[Site "Istanbul"]
[Date "2000.11.01"]
[Round "5.4"]
[White "Htun, Lynn Kyaw"]
[Black "Markos, Jan"]
[Result "0-1"]
[WhiteElo "2427"]
[BlackElo "2327"]
[PlyCount "76"]
[EventDate "2000.10.28"]
[EventType "team-swiss"]
[EventRounds "14"]
[EventCountry "TUR"]
[SourceTitle "EXT 2001"]
[Source "ChessBase"]
[SourceDate "2000.11.22"]
[SourceVersion "1"]
[SourceVersionDate "2000.11.22"]
[SourceQuality "1"]
[WhiteTeam "Myanmar"]
[BlackTeam "Slovakia"]
[WhiteTeamCountry "MYA"]
[BlackTeamCountry "SVK"]

1. e4 c5 2. Nf3 Nc6 3. d4 cxd4 4. Nxd4 Nf6 5. Nc3 e5 6. Ndb5 d6 7. a4 a6 8. Na3 Bg4 9. Be2 Bxe2 10. Qxe2 d5 11. exd5 Nxd5 12. 0-0 Nxc3 13. bxc3 Bc5 14. Rd1 Qe7 15. Qg4 Rd8 16. Rxd8+ Qxd8 17. Be3 Bxa3 18. Rd1 Qe7 19. Qc8+ Nd8 20. Bb6 Bd6 21. Bxd8 Qxd8 22. Qxb7 Qb8 23. Qxa6 Ke7 24. Qd3 g6 25. Qh3 Qc7 26. Qh4+ f6 27. Qh6 Kf7 28. g3 Ke6 29. Qd2 Rd8 30. Qd5+ Ke7 31. Rb1 Bc5 32. Qf3 Rd7 33. Rb5 Qd6 34. Kg2 f5 35. Qa8 Kf6 36. Qh8+ Kg5 37. h4+ Kh6 38. Rb1 Rd8 0-1

[Event "Yangon schev"]
[Site "Yangon"]
[Date "1999.02.12"]
[Round "13"]
[White "Htun, Lynn Kyaw"]
[Black "Zhu, Chen"]
[Result "1/2-1/2"]
[WhiteElo "2541"]
[BlackElo "2487"]
[PlyCount "179"]
[EventDate "1999.01.??"]
[EventType "schev"]
[EventRounds "14"]
[EventCountry "BUR"]
[SourceTitle "EXT 2000"]
[Source "ChessBase"]
[SourceDate "1999.11.16"]
[SourceVersion "1"]
[SourceVersionDate "1999.11.16"]
[SourceQuality "1"]

1. e4 c5 2. Nc3 Nc6 3. Nge2 g6 4. g3 Bg7 5. Bg2 Rb8 6. a4 a6 7. 0-0 b5 8. axb5 axb5 9. d3 b4 10. Nb1 Nf6 11. Nd2 0-0 12. Nb3 d6 13. f4 Qb6 14. Kh1 Be6 15. Nd2 d5 16. f5 gxf5 17. exd5 Bxd5 18. Bxd5 Nxd5 19. Nc4 Qb7 20. Rxf5 Nc3 21. Nxc3 Nd4+ 22. Ne4 Nxf5 23. Qg4 Qd5 24. Bf4 Nd6 25. Be5 f6 26. Ncxd6 exd6 27. Ra7 Rb7 28. Rxb7 Qxb7 29. Qe6+ Rf7 30. Qe8+ Rf8 31. Qe6+ Qf7 32. Qxf7+ Rxf7 33. Bxd6 f5 34. Ng5 Rd7 35. Bxc5 b3 36. cxb3 Rxd3 37. b4 Rb3 38. Kg2 Bxb2 39. Nf3 Bf6 40. Ng1 Kf7 41. Ne2 Be5 42. Nc1 Rb2+ 43. Kh3 Rd2 44. Be3 Rd5 45. Ne2 Bd6 46. Nf4 Bxf4 47. Bxf4 h5 48. Kh4 Kg6 49. Be3 Re5 50. Bc5 Re2 51. Kh3 Rb2 52. Be7 Re2 53. Bd6 Re6 54. Bc7 Rc6 55. Bd8 Rc3 56. Kg2 Kf7 57. Bb6 h4 58. gxh4 Kg6 59. Bf2 Rb3 60. Be1 Kh5 61. h3 Rb1 62. Bf2 Rxb4 63. Kf3 Kg6 64. Bg3 Ra4 65. Bf4 Ra3+ 66. Kg2 Rb3 67. Bg5 Ra3 68. Kh2 Ra8 69. Kg3 Rb8 70. Kf3 Rh8 71. Kf4 Rh7 72. Kg3 Kf7 73. Kf4 Ke6 74. Bd8 Rd7 75. Bb6 Rb7 76. Be3 Rb4+ 77. Kg5 Re4 78. Bf4 Re2 79. h5 Rg2+ 80. Kh6 Kf7 81. Bc7 Rg1 82. Bb8 Kf6 83. Bf4 Rf1 84. Bg5+ Kf7 85. Bh4 Rg1 86. Bg5 Rg3 87. Bf4 Rxh3 88. Kg5 Ke6 89. h6 Rh1 90. Kg6 1/2-1/2

[Event "Yangon schev"]
[Site "Yangon"]
[Date "1999.02.11"]
[Round "12"]
[White "Aung, Thant Zin"]
[Black "Htun, Lynn Kyaw"]
[Result "1-0"]
[WhiteElo "2410"]
[BlackElo "2541"]
[PlyCount "59"]
[EventDate "1999.01.??"]
[EventType "schev"]
[EventRounds "14"]
[EventCountry "BUR"]
[SourceTitle "EXT 2000"]
[Source "ChessBase"]
[SourceDate "1999.11.16"]
[SourceVersion "1"]
[SourceVersionDate "1999.11.16"]
[SourceQuality "1"]

1. e4 c5 2. Nf3 d6 3. Bb5+ Nc6 4. d4 cxd4 5. Qxd4 Bd7 6. Bxc6 Bxc6 7. c4 Nf6 8. Nc3 e6 9. 0-0 Be7 10. b3 0-0 11. Bb2 a6 12. Rad1 Qc7 13. Rfe1 Rfd8 14. Rc1 Qb8 15. Nd5 Bxd5 16. cxd5 e5 17. Qb6 Ne8 18. Ba3 f6 19. Nd2 Qa7 20. Nc4 Qxb6 21. Nxb6 Rab8 22. Rc3 g6 23. g4 Kf7 24. Rf1 f5 25. gxf5 gxf5 26. f4 exf4 27. Rxf4 Ng7 28. Rc7 Ke8 29. exf5 Bf6 30. Re4+ 1-0

[Event "Yangon schev"]
[Site "Yangon"]
[Date "1999.02.02"]
[Round "3"]
[White "Htun, Lynn Kyaw"]
[Black "Sharavdorj, Dashzeveg"]
[Result "0-1"]
[WhiteElo "2541"]
[BlackElo "2431"]
[PlyCount "68"]
[EventDate "1999.01.??"]
[EventType "schev"]
[EventRounds "14"]
[EventCountry "BUR"]
[SourceTitle "EXT 2000"]
[Source "ChessBase"]
[SourceDate "1999.11.16"]
[SourceVersion "1"]
[SourceVersionDate "1999.11.16"]
[SourceQuality "1"]

1. e4 e6 2. d4 d5 3. Nd2 c5 4. Ngf3 Nf6 5. e5 Nfd7 6. c3 Nc6 7. Bd3 Qb6 8. Qa4 cxd4 9. cxd4 f6 10. exf6 Nxf6 11. 0-0 Bd6 12. Qb5 Qc7 13. Re1 0-0 14. Nf1 Bd7 15. Qb3 Ng4 16. Ng3 Kh8 17. Be3 Nxe3 18. Rxe3 Bf4 19. Ree1 g6 20. Bb5 Na5 21. Qb4 Bxb5 22. Qxb5 Rae8 23. Re2 a6 24. Qd3 Nc6 25. Rae1 Rf6 26. a3 Qf7 27. b4 Bh6 28. Rc2 Bg7 29. Rxc6 bxc6 30. Ne5 Qb7 31. Qc3 Rf4 32. Qxc6 Qxc6 33. Nxc6 Bxd4 34. Rf1 Ref8 0-1